Eastern Utah Libraries Catalog: Duchesne, Heber, Roosevelt, & Vernal

The Cokeville miracle / (Record no. 200211)

MARC details
000 -LEADER
fixed length control field 02545cgm a2200565Ki 4500
001 - CONTROL NUMBER
control field ocn917670680
003 - CONTROL NUMBER IDENTIFIER
control field OCoLC
005 - DATE AND TIME OF LATEST TRANSACTION
control field 20241220163723.0
007 - PHYSICAL DESCRIPTION FIXED FIELD--GENERAL INFORMATION
fixed length control field vd cvaizq
008 - FIXED-LENGTH DATA ELEMENTS--GENERAL INFORMATION
fixed length control field 150811s2015 utu094 vleng d
040 ## - CATALOGING SOURCE
Original cataloging agency TEFMT
Language of cataloging eng
Description conventions rda
Transcribing agency TEFMT
Modifying agency TEF
-- UINTA
024 1# - OTHER STANDARD IDENTIFIER
Standard number or code 783027014396
028 42 - PUBLISHER NUMBER
Publisher number 5139140
Source Excel Entertainment
035 ## - SYSTEM CONTROL NUMBER
System control number (OCoLC)917670680
037 ## - SOURCE OF ACQUISITION
Source of stock number/acquisition Midwest Tape
Note http://www.midwesttapes.com
043 ## - GEOGRAPHIC AREA CODE
Geographic area code n-us-wy
050 #4 - LIBRARY OF CONGRESS CALL NUMBER
Classification number PN1997.2
Item number .C65 2015
082 04 - DEWEY DECIMAL CLASSIFICATION NUMBER
Classification number 791.43/72
Edition number 23
049 ## - LOCAL HOLDINGS (OCLC)
Holding library UCLB
245 04 - TITLE STATEMENT
Title The Cokeville miracle /
Statement of responsibility, etc T.C. Christensen.
264 #1 - Production, Publication, Distribution, Manufacture, and Copyright Notice.
Place of production, publication, distribution, manufacture [Salt Lake City, Utah] :
Name of producer, publisher, distributor, manufacturer Excel Entertainment Group,
Date of production, publication, distribution, manufacture, or copyr [2015]
300 ## - PHYSICAL DESCRIPTION
Extent 1 videodisc (94 min.) :
Other physical details sound, color ;
Dimensions 4 3/4 in.
336 ## - Content Type
Content type term two-dimensional moving image
337 ## - Media type
Media type term video
338 ## - Carrier type
Carrier type term videodisc
344 ## -
-- digital
-- optical
-- HiFi sound
-- rda
346 ## -
-- NTSC
-- rda
347 ## -
-- video file
-- DVD video
-- region 1
-- rda
380 ## -
-- Motion picture.
538 ## - SYSTEM DETAILS NOTE
System details note DVD.
500 ## - GENERAL NOTE
General note Title from web page.
511 1# - PARTICIPANT OR PERFORMER NOTE
Participant or performer note Nathan Stevens, Jasen Wade, Caitlin E. J. Meyer, Mason D. Davis, Joshua Cooper, Anson Bagley.
500 ## - GENERAL NOTE
General note Widescreen.
521 8# - TARGET AUDIENCE NOTE
Target audience note MPAA rating: PG-13; for thematic material including violence and peril.
520 ## - SUMMARY, ETC.
Summary, etc On May 9, 1986, in the small, ranching community of Cokeville, Wyoming, David and Doris Young took an elementary school hostage for several hours before detonating a bomb inside a classroom that held every teacher and student in the school. In the wake of the madness, Ron Hartley, whose children were inside the classroom, must fight his skepticism and unbelief as he hears eyewitness accounts from the students about miraculous, heavenly intervention during the crisis. Based on actual events.
650 #0 - SUBJECT ADDED ENTRY--TOPICAL TERM
Topical term or geographic name as entry element Hostages
Geographic subdivision Wyoming
-- Cokeville
Form subdivision Drama.
9 (RLIN) 6533987
650 #0 - SUBJECT ADDED ENTRY--TOPICAL TERM
Topical term or geographic name as entry element Students
General subdivision Crimes against
Geographic subdivision Wyoming
-- Cokeville
Form subdivision Drama.
9 (RLIN) 6533988
650 #0 - SUBJECT ADDED ENTRY--TOPICAL TERM
Topical term or geographic name as entry element School violence
Geographic subdivision Wyoming
-- Cokeville
Form subdivision Drama.
9 (RLIN) 6533989
650 #0 - SUBJECT ADDED ENTRY--TOPICAL TERM
Topical term or geographic name as entry element Miracles
Form subdivision Drama.
9 (RLIN) 5807319
650 #0 - SUBJECT ADDED ENTRY--TOPICAL TERM
Topical term or geographic name as entry element Angels
Form subdivision Drama.
9 (RLIN) 5717535
655 #7 - INDEX TERM--GENRE/FORM
Genre/form data or focus term Feature films.
Source of term lcgft
655 #7 - INDEX TERM--GENRE/FORM
Genre/form data or focus term Fiction films.
Source of term lcgft
700 1# - ADDED ENTRY--PERSONAL NAME
Personal name Christensen, T. C.,
Relator term film director.
9 (RLIN) 65868
700 1# - ADDED ENTRY--PERSONAL NAME
Personal name Stevens, Nathan,
Relator term actor.
9 (RLIN) 6533990
700 1# - ADDED ENTRY--PERSONAL NAME
Personal name Wade, Jasen,
Relator term actor.
9 (RLIN) 5732995
700 1# - ADDED ENTRY--PERSONAL NAME
Personal name Meyer, Caitlin E. J.,
Relator term actor.
9 (RLIN) 77672
700 1# - ADDED ENTRY--PERSONAL NAME
Personal name Davis, Mason D.,
Relator term actor.
9 (RLIN) 5929210
710 2# - ADDED ENTRY--CORPORATE NAME
Corporate name or jurisdiction name as entry element Excel Entertainment Group,
Relator term publisher.
9 (RLIN) 5673856
994 ## -
-- C0
-- UINTA
Holdings
Withdrawn status Lost status Source of classification or shelving scheme Damaged status Not for loan Collection code Home library Current library Shelving location Date acquired Source of acquisition Cost, normal purchase price Total Checkouts Total Renewals Full call number Barcode Date last seen Date checked out Cost, replacement price Price effective from Koha item type
    Dewey Decimal Classification     Movies Wasatch County Library Wasatch County Library Audio Visual Area 09/14/2015   19.99 45 7 DVD Cok 34301001216110 12/24/2025 12/20/2025 19.99 03/20/2020 DVD
This project was made possible through a grant from the Institute of Museum and Library Service administered by the Utah State Library Division.

Wasatch County Library

  • 465 East 1200 South, Heber City, Utah 84032
  • Phone 435-654-1511 | Fax 435-654-6456

Hours

  • Monday - Friday 9:30 AM - 8:00 PM
  • Saturday 9:30 AM - 1:30 PM
  • Closed Sundays and Holidays